Catálogo

DIDACTICA GENERAL : (Registro nro. 11123)

Detalles MARC
000 -LEADER
fixed length control field 00487nam a2200181 a 4500
001 - CONTROL NUMBER
control field 11123
005 - DATE AND TIME OF LATEST TRANSACTION
control field 20180713195249.0
008 - FIXED-LENGTH DATA ELEMENTS--GENERAL INFORMATION
fixed length control field 140415s1992 mx 000 0 spa d
041 ## - LANGUAGE CODE
Language code of text/sound track or separate title spa
082 ## - DEWEY DECIMAL CLASSIFICATION NUMBER
Classification number 370
Item number ARR
100 1# - MAIN ENTRY--PERSONAL NAME
Personal name ARREDONDO GALVAN, VICTOR MARTINIANO
245 10 - TITLE STATEMENT
Title DIDACTICA GENERAL :
Remainder of title MANUAL INTRODUCTORIO
250 ## - EDITION STATEMENT
Edition statement 3A ED.
260 ## - PUBLICATION, DISTRIBUTION, ETC.
Place of publication, distribution, etc. MEXICO :
Name of publisher, distributor, etc. ANUIES,
Date of publication, distribution, etc. 1992
300 ## - PHYSICAL DESCRIPTION
Extent 145
650 14 - SUBJECT ADDED ENTRY--TOPICAL TERM
Topical term or geographic name entry element PEDAGOGIA
700 1# - ADDED ENTRY--PERSONAL NAME
Personal name PEREZ RIVERA, GRACIELA
Relator term coaut.
Existencias
Withdrawn status Lost status Source of classification or shelving scheme Damaged status Not for loan Collection code Home library Current library Shelving location Date acquired Source of acquisition Inventory number Total Checkouts Full call number Barcode Date last seen Date last checked out Price effective from Koha item type
    Dewey Decimal Classification     General Biblioteca Karol Wojtyla Biblioteca Karol Wojtyla Sala general 03/12/2013 Compra 151000000000000000047676 1 370 ARR 26479 05/01/2026 31/01/2024 03/12/2013 Libro
    Dewey Decimal Classification     General Biblioteca Karol Wojtyla Biblioteca Karol Wojtyla Sala general 03/12/2013 Compra 151000000000000000047677   370 ARR 26480 05/01/2026 16/05/2015 03/12/2013 Libro